NEEDTOBREATHE Songs Quiz - Statistics

General Stats
  • This quiz has been taken 134 times
    63 since last reset
  • The average score is 41 of 115
Answer Stats
Album Song % Correct
H A R D L O V E HARD LOVE
97%
The Outsiders The Outsiders
81%
Rivers in the Wasteland Brother
72%
Into The Mystery Into The Mystery
72%
Out of Body Out of Body
72%
The Heat The Heat
72%
Out of Body Who Am I
72%
Rivers in the Wasteland Multiplied
66%
Rivers in the Wasteland Difference Maker
63%
The Reckoning The Reckoning
63%
The Heat Washed by the Water
63%
Rivers in the Wasteland Wasteland
63%
H A R D L O V E HAPPINESS
59%
Into The Mystery Sunshine
59%
H A R D L O V E TESTIFY
59%
The Reckoning White Fences
59%
Out of Body Banks
56%
The Reckoning Drive All Night
56%
H A R D L O V E GREAT NIGHT
50%
The Reckoning Keep Your Eyes Open
50%
H A R D L O V E LET'S STAY HOME TONIGHT
50%
Out of Body Mercy's Shore
50%
Out of Body Alive
47%
Into The Mystery Carry Me
47%
H A R D L O V E CLEAR
47%
The Outsiders Girl Named Tennessee
47%
Into The Mystery I Am Yours
47%
Into The Mystery I Wanna Remember
47%
H A R D L O V E MONEY & FAME
47%
The Outsiders Garden
44%
Out of Body Hang On
44%
The Reckoning Oohs and Ahhs
44%
Into The Mystery Sittin' In The Backseat
44%
The Outsiders Something Beautiful
44%
Rivers in the Wasteland The Heart
44%
Into The Mystery West Texas Wind
44%
The Reckoning Angel at My Door
41%
Out of Body Child Again
41%
H A R D L O V E DON'T BRING THAT TROUBLE
41%
Out of Body Riding High
41%
Out of Body Seasons
41%
Daylight Shine On
41%
The Heat Streets of Gold
41%
The Reckoning Devil's Been Talkin'
38%
Daylight Don't Wait for Daylight
38%
EPs & Singles Forever on Your Side
38%
H A R D L O V E MOUNTAIN, Pt 1
38%
The Reckoning Slumber
38%
Rivers in the Wasteland State I'm In
38%
Out of Body Survival
38%
H A R D L O V E BE HERE LONG
34%
Into The Mystery Chances
34%
Daylight Haley
34%
H A R D L O V E NO EXCUSES
34%
The Heat Signature of Divine (Yahweh)
34%
The Reckoning Wanted Man
34%
Into The Mystery What I'm Here For
34%
The Reckoning Able
31%
The Reckoning A Place Only You Can Go
31%
Out of Body Bottom of a Heartbreak
31%
Into The Mystery Give Me A Chance
31%
Into The Mystery Innocence
31%
The Outsiders Lay 'Em Down
31%
The Reckoning Learn to Love
31%
Rivers in the Wasteland Oh, Carolina
31%
The Heat We Could Run Away
31%
H A R D L O V E WHEN I SING
31%
EPs & Singles Cages
28%
EPs & Singles Cops
28%
The Outsiders Let Us Love
28%
The Reckoning Maybe They're on to Us
28%
Daylight More Than
28%
Daylight Over Now
28%
The Outsiders Prisoner
28%
Daylight Quit
28%
The Outsiders Through Smoke
28%
Daylight You Are Here
28%
The Heat Again
25%
EPs & Singles Bullets
25%
Daylight Knew It All
25%
Rivers in the Wasteland More Heart, Less Attack
25%
The Heat Restless
25%
EPs & Singles Solomon's Ashes
25%
The Heat Spare the Time
25%
The Outsiders Stones Under Rushing Water
25%
EPs & Singles Talk of the Town
25%
The Reckoning Tyrant Kings
25%
Rivers in the Wasteland Where the Money Is
25%
EPs & Singles Bridges Burn
22%
Into The Mystery Don't Throw All The Good Things Away
22%
Daylight I Won't Look Back
22%
The Heat More Time
22%
The Heat Return
22%
The Outsiders Valley of Tomorrow
22%
The Outsiders Won't Turn Back
22%
EPs & Singles Disaster Road
19%
Daylight Don't Leave Just Yet
19%
Rivers in the Wasteland Feet, Don't Fail Me Now
19%
The Outsiders Hurricane
19%
Daylight Lost
19%
The Heat Second Chances
19%
The Heat Looks Like Love
16%
Rivers in the Wasteland Rise Again
16%
The Outsiders What You've Done to Me
16%
EPs & Singles Count on Me
13%
EPs & Singles Darling
13%
The Heat Nothing Left to Lose
13%
EPs & Singles WALKING ON WATER
13%
The Heat Moving On
9%
The Outsiders These Hard Times
9%
EPs & Singles WAITING
9%
EPs & Singles Go Tell It on the Mountain
6%
EPs & Singles Happy If You Could
6%
EPs & Singles Silent Night
6%
EPs & Singles Hometown Christmas
3%
No matching quizzes found
Score Distribution
Percent of People with Each Score
Percentile by Number Answered
Your Score History
You have not taken this quiz since the last reset